Tying the tubes : a guide for women considering sterilisation

Bibliographic Details
Main Author: De Costa, Caroline
Format: Book
Published: Petaling Jaya : Pelanduk Publications (M) Sdn.Bhd. , 1990
Subjects:

MARC

LEADER 00000cam a2200000 7i4500
001 0000003832
002 000004131
005 20000330.0
020 |a 9679783308 
090 0 0 |a 613.942   |b DEC 
100 1 |a De Costa, Caroline 
245 1 0 |a Tying the tubes :   |b a guide for women considering sterilisation   |c Caroline de Costa 
260 |a Petaling Jaya :   |b Pelanduk Publications (M) Sdn.Bhd. ,   |c 1990 
300 |a 63p. :   |b ill ;   |c 22cm. 
650 0 0 |a Sterilisation 
999 |a 037028   |b BUKU   |c PINJAMAN   |e PERPUSTAKAAN KOMUNITI PETALING JAYA